|
|
|
|
| LEADER |
00000nam0a2200000 4500 |
| 001 |
27485 |
| 005 |
20231030202204.0 |
| 010 |
|
|
|a 5854381206
|
| 035 |
|
|
|a (RuTPU)RU\TPU\book\27736
|
| 035 |
|
|
|a BOOK00027811
|
| 090 |
|
|
|a 27485
|
| 100 |
|
|
|a 20011209d2000 u y0rusy50 ca
|
| 101 |
0 |
|
|a rus
|
| 102 |
|
|
|a RU
|
| 105 |
|
|
|a f 000|y
|
| 200 |
1 |
|
|a Современные банковские системы
|e учебное пособие
|f Л. П. Кураков, В. Г. Тимирясов, В. Л. Кураков
|
| 205 |
|
|
|a 3-е изд., перераб. и доп.
|
| 210 |
|
|
|a Москва
|c Гелиос АРВ
|d 2000
|
| 215 |
|
|
|a 320 с.
|
| 320 |
|
|
|a Библиогр.: с. 254-259.
|
| 333 |
|
|
|a Исключено из фонда НТБ ТПУ
|
| 686 |
|
|
|a У9(2)262.10я73
|v LBC/SL-A
|2 rubbk
|
| 700 |
|
1 |
|a Кураков
|g Лев Пантелеймонович
|
| 701 |
|
1 |
|a Тимирясов
|g Виталий Гайнуллович
|
| 701 |
|
1 |
|a Кураков
|g Владимир Львович
|
| 801 |
|
0 |
|a RU
|b 63413507
|c 20011209
|g PSBO
|
| 801 |
|
2 |
|a RU
|b 63413507
|c 20210614
|g PSBO
|
| 942 |
|
|
|c BK
|